00916nam a22002417a 450000500170000001000130001702000220003003500130005203700160006504000120008108200160009311000350010924501740014426000360031827000140035430000280036850000200039665000420041665000490045894200250050799900190053295201230055120170124110249.0 aA-839763 c00.00a0135870984 aA-839763 bCen Lib/Ret aDPLbEN a917.54bMOB aMobile Oil Corporation 998329 a1990 Mobil travel guide, Middle Atlantic :bDelaware, District of Columbia, Maryland, New Jersey, North Carolina, Pennsylvania, South Carolina, Virginia, West Virginia / aNew York bPrentice Hall c1990 bNew York  a388p. c23cm(Hb)emaps  aIncludes index  aAtlantic States -- Guidebooks.998330 aMiddle Atlantic States -- Guidebooks.998331 2ddccENh917.54mMOB c135752d135752 00104070aLbLd2015-10-08eCen Lib/Retg0.00l0o917.54 MOBpA-839763r2015-10-08 00:00:00t1v0.00w2015-10-08yEN